Leasing a dane z príjmov v teórii a praxi

Gespeichert in:
Bibliographische Detailangaben
1. Verfasser: Zubaľová, Alena, 1959-
Format: Buch
Sprache:Slowakisch
Veröffentlicht: Bratislava EUROUNION 1998
Schlagworte:
Tags: Tag hinzufügen
Keine Tags, Fügen Sie das erste Tag hinzu!

MARC

LEADER 00000nam a2200000 4500
001 c110086
005 20260105102224.5
020 |a 80-85568-91-8 
041 0 |a slo 
044 |a SK 
245 1 0 |a Leasing a dane z príjmov v teórii a praxi  |c Alena Zubaľová 
264 1 |a Bratislava  |b EUROUNION  |c 1998 
300 |a 157 s. [7 AH] 
610 2 0 |a lízing 
610 2 0 |a úpravy právne 
610 2 0 |a predpisy právne 
610 2 0 |a lízing finančný 
610 2 0 |a lízing operatívny 
610 2 0 |a dane 
610 2 0 |a dane z príjmov 
610 2 0 |a odpisy 
610 2 0 |a nehnuteľnosti 
610 2 0 |a majetok 
610 2 0 |a ceny kúpne 
610 2 0 |a splátky 
610 2 0 |a výdavky 
610 2 0 |a zmluvy 
610 2 0 |a rozlíšenie časové 
610 2 0 |a úver 
610 2 0 |a financovanie investícií 
610 2 0 |a teória a prax 
610 2 0 |a Slovensko 
100 1 |a Zubaľová, Alena, 1959-